[Event "Cheliabinsk Panchenko Memorial op-B"]
[Site "Cheliabinsk"]
[Date "2022.09.19"]
[Round "8"]
[White "Omurbekova, Diana"]
[Black "Zimova, Ekaterina"]
[Result "1-0"]
[WhiteElo "1740"]
[BlackElo "1309"]
[PlyCount "69"]
[EventDate "2022.09.12"]
[EventType "swiss"]
[EventRounds "10"]
[EventCountry "RUS"]
[SourceTitle "CBM 210 Extra"]
[Source "ChessBase"]
[SourceDate "2022.11.30"]
[SourceVersion "1"]
[SourceVersionDate "2022.11.30"]
[SourceQuality "1"]

1. e4 e5 2. Nf3 d6 3. d4 exd4 4. Nxd4 Nf6 5. Nc3 Be7 6. Bc4 0-0 7. 0-0 a6 8. Bf4 b5 9. Bd5 Ra7 10. Bc6 Bd7 11. Bxd7 Qxd7 12. Nf5 Bd8 13. Qf3 b4 14. Ne2 d5 15. Qe3 Rb7 16. Nxg7 Nxe4 17. f3 Nd6 18. Bxd6 Qxd6 19. Nf5 Qf6 20. Neg3 c6 21. Kh1 Kh8 22. Rfe1 Qg6 23. Re2 Bf6 24. Qc5 Rg8 25. Rae1 h5 26. Ne7 Bxe7 27. Rxe7 Rxe7 28. Qxe7 f6 29. Re6 h4 30. Rxf6 Qh7 31. Rf7 Rg7 32. Rf8+ Rg8 33. Qf6+ Qg7 34. Qxh4+ Qh7 35. Rxg8+ 1-0